Výkaz komplexného výsledku a výkaz ziskov a strát podľa IFRS pre malé a stredné podniky 10/10 porovnanie s US GAAP

Porovnanie požiadaviek na zostavenie výkazu komplexného výsledku podľa IFRS pre malé a stredné podniky a US GAAP.

Enregistré dans:
Détails bibliographiques
Auteur principal: Ješš, Michal, 1986-
Format: Chapitre de livre
Langue:slovaque
Sujets:
Tags: Ajouter un tag
Pas de tags, Soyez le premier à ajouter un tag!

MARC

LEADER 00000nla a2200000 4500
001 0164607
005 20240502072856.0
041 0 |a slo 
044 |a SK 
245 1 0 |a Výkaz komplexného výsledku a výkaz ziskov a strát podľa IFRS pre malé a stredné podniky 10/10  |b porovnanie s US GAAP  |c Michal Ješš 
520 |a Porovnanie požiadaviek na zostavenie výkazu komplexného výsledku podľa IFRS pre malé a stredné podniky a US GAAP. 
610 2 0 |a účtovníci 
610 2 0 |a jednotka účtovná 
610 2 0 |a výkazy finančné 
610 2 0 |a výkaz ziskov a strát 
610 2 0 |a štandardy účtovné americké 
610 2 0 |a štandardy účtovné medzinárodné 
100 1 |a Ješš, Michal, 1986-